Chemistry in focus : A molecular view of our world

What does matter look like at the molecular and atomic level? Why are leaves green? Why do colored fabrics fade upon repeated exposure to sunlight? Why does a pencil leave a mark when dragged across a sheet of paper? All of these basic questions have molecular answers that teach and illustrate chemi...

Szczegółowa specyfikacja

Zapisane w:
Opis bibliograficzny
1. autor: Tro, Nivaldo J.
Format: Książka
Język:Undetermined
Wydane: Pacific Grove Brooks/Cole Pub. 1998
Hasła przedmiotowe:
Etykiety: Dodaj etykietę
Nie ma etykietki, Dołącz pierwszą etykiete!
Thư viện lưu trữ: Trung tâm Học liệu Trường Đại học Cần Thơ
LEADER 01240nam a2200217Ia 4500
001 CTU_158362
008 210402s9999 xx 000 0 und d
020 |c 1.39 
082 |a 540 
082 |b T843 
100 |a Tro, Nivaldo J. 
245 0 |a Chemistry in focus : 
245 2 |b A molecular view of our world 
245 0 |c Nivaldo J. Tro 
260 |a Pacific Grove 
260 |b Brooks/Cole Pub. 
260 |c 1998 
520 |a What does matter look like at the molecular and atomic level? Why are leaves green? Why do colored fabrics fade upon repeated exposure to sunlight? Why does a pencil leave a mark when dragged across a sheet of paper? All of these basic questions have molecular answers that teach and illustrate chemical principles. Nivaldo Tro introduces each concept with a thought experiment, then develops the chemical principles and concepts involved in a molecular understanding of the experiment. Once students have grasped the basic concepts, they are introduced to consumer applications and environmental problems related to the concepts. Mathematical aspects of chemistry are optional. 
650 |a Chemistry,Hoá học 
904 |i Anh Tho,QHieu 
980 |a Trung tâm Học liệu Trường Đại học Cần Thơ